| 000 | 01849nam0a2200385 4500 | ||
|---|---|---|---|
| 001 | RU\NLR\bibl\271952 | ||
| 005 | 20250620133154.0 | ||
| 010 | _a5-17-011576-8 | ||
| 010 |
_a5-7921-0452-2 _97000 |
||
| 021 |
_aRU _b2002-5242 _9254 |
||
| 035 | _a(NLR Aleph) 000267489 | ||
| 090 |
_a1563534 _c1563534 |
||
| 100 | _a20020604d2002 |||y0rusy50 ca | ||
| 101 | 0 | _arus | |
| 102 | _aRU | ||
| 105 | _aa ||||||||| | ||
| 200 | 1 |
_aПрипятская проблема _fА. Филиппи |
|
| 210 |
_aМ. _cООО " Изд-во АСТ" _d2002 |
||
| 215 |
_a605,[1] c. _cил. _d21 |
||
| 225 | 1 | _aВоенно-историческая библиотека | |
| 300 | _aНа обл.: Проигранные сражения/А. Филиппи, Г. Фриснер | ||
| 320 | _aБиблиогр.: с. 597-599 в подстроч. примеч. | ||
| 320 | _aБиблиогр. указ.: с. 574-596 | ||
| 423 | 0 |
_12001#$aПроигранные сражения$e[Пер. с нем.]$fГ. Фриснер _1210##$aМ.$cАСТ$d2002 _1215##$aС. 257-572,[1] _1700#1$aФриснер$bГ.$gГанс$4070 _tПроигранные сражения _aФриснер, Ганс |
|
| 606 | 1 |
_aВеликая Отечественная война _jВоспоминания, записки и т.п _xВоенные операции немецкие _z1941 - 1945 _z1941 _92251288 _3RU\NLR\AUTH\661350347 |
|
| 606 | 1 |
_aВеликая Отечественная война _jВоспоминания, записки и т.п _xВоенные операции немецкие _z1941 - 1945 _z1944 _92251290 _3RU\NLR\AUTH\661350348 |
|
| 686 | 1 | _aЦ35(2)722-2,2,013 | |
| 686 | 1 | _aТ3(2)722.1,013 | |
| 700 | 1 |
_aФилиппи _bА. _4070 |
|
| 801 | 0 |
_aRU _bNLR _c20020604 _gPSBO |
|
| 801 | 1 |
_aRU _bNLR _c20020604 |
|
| 942 | _cBOOK | ||
| 980 | _aNB | ||